Normal view
MARC view
Entry Topical Term
001 - CONTROL NUMBER
- control field: 18195
003 - CONTROL NUMBER IDENTIFIER
- control field: OSt
005 - DATE AND TIME OF LATEST TRANSACTION
- control field: 20240627103956.0
008 - FIXED-LENGTH DATA ELEMENTS
- fixed length control field: 240627|| aca||aabn | a|a d
040 ## - CATALOGING SOURCE
- Original cataloging agency: OSt
- Transcribing agency: OSt
150 ## - HEADING--TOPICAL TERM
- Topical term or geographic name entry element: Environmental protection
- General subdivision: International cooperation
670 ## - SOURCE DATA FOUND
- Source citation: Work cat.: (OSt)8972: Brenton, Tony. 18194, The greening of Machiavelli :, 1994.
